000
00280 a2200121 4500
001
55662
082
_a
153.94 MAR
090
_c
34544
_d
34544
100
_a
Martinsnon,
245
_a
GRE : the master
260
_a
Karachi
_b
Dogar Sons
_c
2005
300
_a
xv, 601 p. ill
_e
with CD
942
_a
NUST-CAE
_k
153.94 MAR
999
_c
290735
_d
290735